00635nam a2200181Ia 4500003000900000008004100009020002200050040001600072080001600088100002400104245007600128260003300204300001600237650002900253942000700282999001700289952014700306IN-BaIIA211028s9999 xx 000 0 eng d a978-0-805-38662-2 cIIA Library a530.12bHAR aHartle, J. B935591 0aGravityban introduction to Einstein's general relativitycJ. B. Hartle aSan FranciscobPearsonc2003 axxii, 582p. aGeneral relativity93824 cBK c18539d18539 00104070aBANbBANcGENd2013-03-11eANJ g5094.00l4m1o530.12/ HARp19461r2024-11-06s2024-11-06v5094.00w2013-03-11yBKGRs. 5094.00